000 00277nam a22001337a 4500
008 170809b xxu||||| |||| 00| 0 eng d
020 _a9781590596142
041 _aeng
080 _a004
100 _a35
101 _aSHK
245 _aCSS MASTERY
_cBUDD,A
942 _2udc
_cBK
999 _c22999
_d22999